| 000 | 01931nam a22002777a 4500 | ||
|---|---|---|---|
| 005 | 20210325193956.0 | ||
| 008 | s2547 th tha d | ||
| 041 | _atha | ||
| 050 |
_aBQ4920 _bค123ร |
||
| 110 | 0 | _aคณะกรรมการศิษย์กรรมฐานรุ่นที่ 71 | |
| 245 | 1 | 0 | _aรายงานการฝึกอบรมโครงการปลุกจิตสำนึกข้าราชการตามรอยพระยุคลบาท รุ่นที่ 36 ระหว่างวันที่ 8-16 มีนาคม 2547 |
| 260 | 3 |
_aม.ป.ท. : _bม.ป.พ., _c2547 |
|
| 300 |
_a229 หน้า : _bภาพประกอบ ; _c29 ซม. |
||
| 610 | _aคณะกรรมการศิษย์กรรมฐานรุ่นที่ 71 | ||
| 650 | 0 | 4 | _aการปฏิบัติธรรม |
| 650 | 0 | 4 | _aโครงการอันเนื่องมาจากพระราชดำริ |
| 650 | 0 | 4 | _aทศพิธราชธรรม |
| 650 | 0 | 4 | _aจรรยาบรรณข้าราชการ |
| 650 | 0 | 4 | _aการปลุกจิตสำนึก |
| 650 | 0 | 4 | _aข้าราชการ -- การฝึกอบรม -- ด้านจริยธรรม |
| 650 | 0 | 4 | _aข้าราชการ -- การปลุกจิตสำนึก |
| 650 | 0 | 4 | _aข้าราชการ -- การปลุกจิตสำนึกข้าราชการ -- การฝึกอบรม -- ด้านจริยธรรมการปลุกจิตสำนึกจรรยาบรรณข้าราชการทศพิธราชธรรมโครงการอันเนื่องมาจากพระราชดำริการปฏิบัติธรรม |
| 850 | _aNALT | ||
| 942 | _cGB | ||
| 997 | _c000000000042533 | ||
| 999 |
_c42533 _d42533 |
||